000 00486cam a2200193 4500
001 BFIL001301
008 1986 spa
020 _a84-297-2396-X
035 _aBFIL001301
050 4 _aHM22
_bF74 1986
100 1 _aFreund, Julien
245 0 _aSociologia de Max Weber /
_cJulien Freund.
260 _aBarcelona :
_bPeninsula,
_c1986
300 _a257 p.
440 0 _aHomo Sociologicus ; 35
500 _a1 ejem.
505 _aBFIL
942 _2lcc
_cLIB
999 _c93560
_d93560